Beliebte Katzenrassen nach Bild - Statistiken

Allgemein
  • Dieses Quiz wurde 266 mal gespielt
  • Das Durchschnittsergebnis liegt bei 5 aus 12
Antwortstatistiken
Bildquiz Antwort % Korrekt
Siamkatze
82%
Britisch Kurzhaar
69%
Bengalkatze
62%
Perserkatze
57%
Sphynx
54%
Maine Coon
48%
Norwegische Waldkatze
39%
Heilige Birma
31%
Ragdoll
30%
Savannah
13%
Türkisch Angora
12%
Abessinier
8%
Keine übereinstimmenden Quizze gefunden
Verteilung der Resultate
Anzahl Personen mit jedem Resultat
Perzentil nach korrekt beantworteten Fragen
Ihre Resultats-Entwicklung
Sie haben dieses Quiz noch nicht gespielt